Vacant City : Experiments in inclusive urban transformation Netherlands / Hungary /
Salvato in:
| Autore principale: | |
|---|---|
| Altri autori: | , |
| Natura: | Libro |
| Lingua: | inglese ungherese |
| Pubblicazione: |
Budapest :
Kék - Hungarian Contemporary Architecture Centre,
2015
|
| Edizione: | 1. vydanie |
| Soggetti: | |
| Accesso online: | https://cooperativecity.org/product/vacant-city/ |
| Tags: |
Nessun Tag, puoi essere il primo ad aggiungerne!!
|
MARC
| LEADER | 00000nam a22000003a 4500 | ||
|---|---|---|---|
| 001 | 0066091 | ||
| 003 | SK-STU | ||
| 005 | 20240621121320.7 | ||
| 007 | ta | ||
| 008 | 180709s ----xo-----e------000-0-----d | ||
| 020 | |a 978 963 12 3322 3 | ||
| 040 | |a STU |b slo | ||
| 041 | 0 | |a eng |a hun | |
| 044 | |a hu | ||
| 100 | 1 | |a Polyák, Levente |4 edt | |
| 245 | 1 | 0 | |a Vacant City : |b Experiments in inclusive urban transformation Netherlands / Hungary / |c ed. Levente Polyák ; ed. Júlia Oravecz ; aut. Schanz, Judit |
| 250 | |a 1. vydanie | ||
| 260 | |a Budapest : |b Kék - Hungarian Contemporary Architecture Centre, |c 2015 | ||
| 300 | |a 121 s. | ||
| 500 | |a Publikácia vyšla aj v elektronickej podobe. | ||
| 650 | 0 | 7 | |a mestské priestory |
| 650 | 0 | 7 | |a kancelárske priestory |
| 650 | 0 | 7 | |a komunitná záhrada |
| 700 | 1 | |a Oravecz, Júlia |4 edt | |
| 700 | 1 | |a Schanz, Judit |4 aut | |
| 856 | 4 | 0 | |u https://cooperativecity.org/product/vacant-city/ |
| 996 | |b 284AU07570 |c A* 10819/U |l AAKNST |s P |a 0 |w 0066091_0001 | ||